[Event "EU-Cup 32nd"]
[Site "Novi Sad"]
[Date "2016.11.09"]
[Round "4.4"]
[White "Samsonov, Vyacheslav"]
[Black "Hasangatin, Ramil"]
[Result "0-1"]
[WhiteElo "2139"]
[BlackElo "2505"]
[PlyCount "100"]
[EventDate "2016.11.06"]
[EventType "team-swiss"]
[EventRounds "7"]
[EventCountry "SRB"]
[SourceTitle "CBM 176"]
[Source "ChessBase"]
[SourceDate "2017.01.17"]
[SourceVersion "1"]
[SourceVersionDate "2017.01.17"]
[SourceQuality "1"]
[WhiteTeam "Ezerelio Vaivorykste"]
[BlackTeam "Kazan Ladya"]
[WhiteTeamCountry "LTU"]
[BlackTeamCountry "RUS"]

1. d4 d6 2. Nf3 Nf6 3. g3 Nbd7 4. Bg2 e5 5. dxe5 dxe5 6. 0-0 Bc5 7. Nc3 c6 8. a3 a5 9. e4 Qc7 10. Qe2 0-0 11. Be3 b5 12. Rfd1 Be7 13. Nh4 g6 14. Bh6 Re8 15. h3 Ba6 16. Qe3 Nh5 17. Nf3 Nf8 18. Ne2 Ne6 19. Ng5 Nhg7 20. h4 Rad8 21. Bh3 Bc8 22. Kh2 Nxg5 23. Bxg5 Bxg5 24. Qxg5 Qb6 25. Qf6 Nh5 26. Qf3 Bxh3 27. Kxh3 Qc5 28. c3 Qc4 29. Qe3 Nf6 30. f3 Qb3 31. Rd2 Kg7 32. Kg2 Rxd2 33. Qxd2 Re7 34. Nc1 Qe6 35. Nd3 Rd7 36. Qe2 Qc4 37. Rd1 Rd6 38. Rd2 Nd7 39. Qe3 h5 40. Kg1 Qe6 41. Kg2 c5 42. b4 cxb4 43. cxb4 Qb3 44. Qe2 Qc3 45. Kh3 Qxa3 46. bxa5 Qxa5 47. Rb2 Qc3 48. Nb4 Qc1 49. Kh2 Rd1 50. Qg2 Rh1+ 0-1

[Event "EU-Cup 32nd"]
[Site "Novi Sad"]
[Date "2016.11.08"]
[Round "3.4"]
[White "Jarvenpaa, Jari"]
[Black "Samsonov, Vyacheslav"]
[Result "1-0"]
[WhiteElo "2249"]
[BlackElo "2139"]
[PlyCount "165"]
[EventDate "2016.11.06"]
[EventType "team-swiss"]
[EventRounds "7"]
[EventCountry "SRB"]
[SourceTitle "CBM 176"]
[Source "ChessBase"]
[SourceDate "2017.01.17"]
[SourceVersion "1"]
[SourceVersionDate "2017.01.17"]
[SourceQuality "1"]
[WhiteTeam "Salon Shakkikerho"]
[BlackTeam "Ezerelio Vaivorykste"]
[WhiteTeamCountry "FIN"]
[BlackTeamCountry "LTU"]

1. d4 d5 2. Nf3 e6 3. e3 f5 4. b3 Nf6 5. Be2 Bd6 6. Ba3 0-0 7. c4 Ne4 8. Bxd6 Qxd6 9. 0-0 Bd7 10. Ne5 Be8 11. f3 Nf6 12. Nc3 c6 13. c5 Qe7 14. b4 Nbd7 15. Rb1 Nxe5 16. dxe5 Nd7 17. Qd4 b6 18. Rfc1 b5 19. f4 a5 20. a3 Kh8 21. Rc2 g5 22. Rbc1 gxf4 23. exf4 Nb8 24. Bf3 a4 25. Be2 Na6 26. Rd2 Nc7 27. Rd3 Rg8 28. Rh3 Rg7 29. Nd1 Bd7 30. Ne3 Rag8 31. Kf2 Be8 32. Rg1 Rg6 33. g4 fxg4 34. Nxg4 Rxg4 35. Bxg4 Bg6 36. Be2 Qf7 37. Rhg3 Rf8 38. Rg4 Qf5 39. Ke3 Qc2 40. Bd3 Bxd3 41. Qxd3 d4+ 42. Ke4 Qa2 43. Kf3 Qxh2 44. Qe2 Qh3+ 45. R1g3 Qh1+ 46. Qg2 Qd1+ 47. Kf2 Qd2+ 48. Kg1 Qxg2+ 49. Rxg2 Nd5 50. Rf2 Ne3 51. Rg3 Nf5 52. Rd3 Rg8+ 53. Kf1 Rg7 54. Rfd2 Rd7 55. Kf2 Rd8 56. Kf3 Rd7 57. Ke4 Rd8 58. Rh2 Rd7 59. Rh5 Rf7 60. Rxf5 exf5+ 61. Kf3 Rd7 62. e6 Re7 63. Rxd4 Rxe6 64. Rd6 Rg6 65. Ke3 Kg7 66. Kd4 h5 67. Ke5 h4 68. Kxf5 Rxd6 69. cxd6 Kf7 70. Kg4 c5 71. bxc5 b4 72. c6 bxa3 73. c7 a2 74. c8Q a1Q 75. Qd7+ Kf8 76. Qe7+ Kg8 77. d7 Qd1+ 78. Kg5 Qd5+ 79. Kf6 Qd4+ 80. Kg6 Qd3+ 81. Kh6 Qa6+ 82. Kg5 Qa5+ 83. Kg4 1-0

[Event "EU-Cup 32nd"]
[Site "Novi Sad"]
[Date "2016.11.06"]
[Round "1.4"]
[White "Eggleston, David"]
[Black "Samsonov, Vyacheslav"]
[Result "1-0"]
[WhiteElo "2413"]
[BlackElo "2139"]
[PlyCount "115"]
[EventDate "2016.11.06"]
[EventType "team-swiss"]
[EventRounds "7"]
[EventCountry "SRB"]
[SourceTitle "CBM 176"]
[Source "ChessBase"]
[SourceDate "2017.01.17"]
[SourceVersion "1"]
[SourceVersionDate "2017.01.17"]
[SourceQuality "1"]
[WhiteTeam "Cheddleton"]
[BlackTeam "Ezerelio Vaivorykste"]
[WhiteTeamCountry "ENG"]
[BlackTeamCountry "LTU"]

1. e4 e6 2. d4 d5 3. Nc3 dxe4 4. Nxe4 Nd7 5. Nf3 Ngf6 6. Nxf6+ Nxf6 7. c3 Be7 8. Bd3 0-0 9. 0-0 b6 10. Qe2 Bb7 11. Bg5 Qd5 12. Rfe1 Rad8 13. a3 c5 14. Qc2 h6 15. Bh4 Kh8 16. Bxf6 Bxf6 17. Be4 Qd7 18. Bxb7 Qxb7 19. dxc5 bxc5 20. Rad1 Kg8 21. Re2 Rxd1+ 22. Qxd1 Rb8 23. h3 g6 24. Nh2 Bg5 25. Nf1 Rd8 26. Qa4 Qd7 27. Qxd7 Rxd7 28. g3 Bc1 29. Rc2 Rd1 30. Kg2 e5 31. g4 Bf4 32. c4 Rb1 33. Nd2 Bxd2 34. Rxd2 Rc1 35. b3 Rc3 36. Rd8+ Kg7 37. Rb8 e4 38. Rb7 e3 39. fxe3 Rxe3 40. a4 a6 41. Rb6 h5 42. gxh5 gxh5 43. a5 h4 44. Rxa6 Rg3+ 45. Kh2 Rxb3 46. Rc6 Rb2+ 47. Kg1 Rb3 48. Kg2 Rg3+ 49. Kh2 Ra3 50. Rxc5 Ra2+ 51. Kg1 Kg6 52. Rb5 f5 53. c5 f4 54. c6 Rc2 55. a6 Rxc6 56. Ra5 Rc8 57. a7 Ra8 58. Kf2 1-0